Siouxsie and the Banshees Albums - Statistics

General Stats
  • This quiz has been taken 16 times
  • The average score is 8 of 11
Answer Stats
Year of Release Answer % Correct
1981 Juju
100%
1978 The Scream
92%
1982 A Kiss in the Dreamhouse
83%
1980 Kaleidoscope
83%
1995 The Rapture
83%
1986 Tinderbox
83%
1979 Join Hands
75%
1984 Hyaena
67%
1988 Peepshow
58%
1991 Superstition
58%
1987 Through the Looking Glass
50%
No matching quizzes found
Score Distribution
Percent of People with Each Score
Percentile by Number Answered
Your Score History
You have not taken this quiz